Národní divadlo? Alfa i omega mého života! /

Hlavní autor: Sobotková, Naděžda, 1923-2014
Další autoři: Šloufová, Alena, 1948-
Jazyk: Čeština
Vydáno: V Praze : Sabongui Production :Národní divadlo, 2013
Vydání: Vyd. 1.
Témata:
Fyzický popis: 143 s. : il., portréty, faksim. ; 25 cm
Knihy
Uloženo v:
LEADER 01962nam a2200505 a 4500
001 nkc20132464122
003 CZ PrNK
005 20140430082225.0
007 ta
008 130516s2013 xr ach e 000 0acze
015 |a cnb002464122 
020 |a 978-80-260-4371-3  |q (váz.) 
035 |a (OCoLC)870286646 
040 |a BOA001  |b cze 
043 |a e-xr--- 
045 |a x2y1 
072 7 |a 792  |x Divadlo. Divadelní představení  |2 Konspekt  |9 3 
072 7 |a 929  |x Biografie  |2 Konspekt  |9 8 
080 |a 929  |2 MRF 
080 |a 792.82.071.2-055.2  |2 MRF 
080 |a 37.011.3-055.2  |2 MRF 
080 |a (437.3)  |2 MRF 
080 |a (0:82-94)  |2 MRF 
100 1 |a Sobotková, Naděžda,  |d 1923-2014  |7 mzk2014801958  |4 aut 
245 1 0 |a Národní divadlo? Alfa i omega mého života! /  |c Naděžda Sobotková, Alena Šloufová 
250 |a Vyd. 1. 
260 |a V Praze :  |b Sabongui Production :  |b Národní divadlo,  |c 2013 
300 |a 143 s. :  |b il., portréty, faksim. ;  |c 25 cm 
600 1 7 |a Sobotková, Naděžda,  |d 1923-2014  |7 mzk2014801958  |2 czenas 
610 2 7 |a Národní divadlo v Praze  |7 kn20010709463  |2 czenas 
648 4 |a 1923-2013 
648 7 |a 20.-21. století  |7 ch462155  |2 czenas 
650 0 7 |a baletky  |7 ph217750  |z Česko  |y 20.-21. století  |2 czenas 
650 0 7 |a pedagožky  |7 ph270273  |z Česko  |y 20.-21. století  |2 czenas 
650 0 9 |a ballerinas  |z Czechia  |y 20th-21st centuries  |2 eczenas 
650 0 9 |a women educationalists  |z Czechia  |y 20th-21st centuries  |2 eczenas 
655 7 |a autobiografické vzpomínky  |7 fd131854  |2 czenas 
655 9 |a autobiographical reminiscences  |2 eczenas 
700 1 |a Šloufová, Alena,  |d 1948-  |7 jn20010309128  |4 aut 
910 2 |a BOA001  |b 2-1317.522 
990 |a BK 
995 |a 01 
991 |b 201401  |c NOV  |e n 
996 6 |b 2610574901  |c 2-1317.522  |l MZK  |r Sklad / do 1 hodiny  |n 1  |p p.v.  |w 001391373  |u 000010  |a 1  |e BOA001  |j MZK50  |s P 
996 7 |b 2610590653  |c 2-1317.522  |l MZK  |r Sklad / do 1 hodiny  |n 0  |p kup  |w 001391373  |u 000020  |a 1  |e BOA001  |j MZK50  |s A